000 00788nam a2200253Ia 4500
003 OSt
005 20220923212605.0
006 a|||||r|||| 00| 0
007 ta
008 220922b |||||||| |||| 00| 0 hin d
024 _a154,288
037 _cTextual
040 _aARTS
_cARTS
_bhin
041 _2hin
_ahin
082 _aO152wN1, M4
100 _aसत्या
245 0 _aहिन्दी के प्रतिनिधि रचनाकार
246 _aHindī ke pratinidhi rachanākāra
260 _aइलाहाबाद
_b भारती भडार
_c1984
300 _a248 पृ.
_ccm.
650 _aहिन्दी साहित्य
_9156264
942 _hO152wN1, M4
_cTEXL
_2CC
999 _c309916
_d309916